Statistics for Holidays

Click here to take the quiz!

General Stats

  • This quiz has been taken 23 times
  • The average score is 7 of 10

Answer Stats

Answer% Correct
Chinese New Year
95%
Christmas
95%
Easter
90%
Halloween
90%
St. Patricks Day
70%
Valentines Day
65%
Hanukkah
60%
New years
60%
4th of July
55%
Diwali
15%

Score Distribution

Percentile by Number Answered

Percent of People with Each Score

Your Score History

You have not taken this quiz